[Event "RUS-ch Eurasia Cup op"]
[Site "Ekaterinburg"]
[Date "2018.08.10"]
[Round "9"]
[White "Kozlov, Denis1111"]
[Black "Lysenko, Viktoria"]
[Result "1-0"]
[WhiteElo "2128"]
[BlackElo "1958"]
[PlyCount "83"]
[EventDate "2018.08.01"]
[EventType "swiss"]
[EventRounds "9"]
[EventCountry "RUS"]
[SourceTitle "CBM 185 Extra"]
[Source "ChessBase"]
[SourceDate "2018.07.29"]
[SourceVersion "1"]
[SourceVersionDate "2018.07.29"]
[SourceQuality "1"]

1. d4 Nf6 2. c4 g6 3. g3 Bg7 4. Bg2 d5 5. cxd5 Nxd5 6. Nf3 0-0 7. 0-0 c5 8. e4 Nf6 9. e5 Nd5 10. dxc5 Na6 11. c6 bxc6 12. Nd4 Bb7 13. Re1 Qb6 14. Na3 c5 15. Nb3 Rad8 16. Nc4 Qc7 17. Qe2 Ndb4 18. Bxb7 Qxb7 19. Bg5 h6 20. Be3 Rd5 21. Red1 e6 22. Nd6 Qb6 23. f4 Rb8 24. Nd2 Qc6 25. N2c4 Bf8 26. Bf2 Qa4 27. b3 Qc6 28. h4 h5 29. Kh2 Rxd1 30. Rxd1 Nd5 31. Rc1 Ne7 32. g4 hxg4 33. Qxg4 Nf5 34. h5 Nh6 35. Qh3 Bxd6 36. Nxd6 Rb4 37. Be3 Nf5 38. hxg6 fxg6 39. Rg1 Kg7 40. Qg4 Ne7 41. Qxe6 Qc7 42. Qf7+ 1-0

[Event "RUS-ch Eurasia Cup op"]
[Site "Ekaterinburg"]
[Date "2018.08.02"]
[Round "2"]
[White "Lobovikov, Iaroslav"]
[Black "Lysenko, Viktoria"]
[Result "0-1"]
[WhiteElo "1336"]
[BlackElo "1958"]
[PlyCount "94"]
[EventDate "2018.08.01"]
[EventType "swiss"]
[EventRounds "9"]
[EventCountry "RUS"]
[SourceTitle "CBM 185 Extra"]
[Source "ChessBase"]
[SourceDate "2018.07.29"]
[SourceVersion "1"]
[SourceVersionDate "2018.07.29"]
[SourceQuality "1"]

1. d4 Nf6 2. Nf3 d5 3. Bf4 c5 4. c3 Nc6 5. e3 Qb6 6. Qc2 Bf5 7. dxc5 Bxc2 8. cxb6 axb6 9. Nbd2 e6 10. Bb5 Ba4 11. Bd3 Nb8 12. b3 Bc6 13. Nd4 Nbd7 14. Nxc6 bxc6 15. 0-0 e5 16. Bg3 Ba3 17. Rfb1 0-0 18. b4 c5 19. bxc5 bxc5 20. Rb7 c4 21. Bc2 Rfe8 22. e4 Nc5 23. Rb5 Ncxe4 24. Nxe4 Nxe4 25. Bxe4 dxe4 26. Bxe5 Ra6 27. Rab1 f6 28. Bd4 Bd6 29. Rb6 Rea8 30. g3 Bf8 31. Rxa6 Rxa6 32. Rb8 Kf7 33. Rc8 Rxa2 34. Rxc4 Ra6 35. g4 Kg6 36. Kg2 h5 37. gxh5+ Kxh5 38. Be3 f5 39. h3 g5 40. Rc8 Bh6 41. Rh8 Kg6 42. h4 f4 43. hxg5 Bg7 44. Rg8 fxe3 45. fxe3 Ra5 46. c4 Rxg5+ 47. Kf2 Rc5 0-1

[Event "RUS-ch Eurasia Cup op"]
[Site "Ekaterinburg"]
[Date "2018.08.01"]
[Round "1"]
[White "Lysenko, Viktoria"]
[Black "Yeletsky, Ivan"]
[Result "0-1"]
[WhiteElo "1958"]
[BlackElo "2412"]
[PlyCount "48"]
[EventDate "2018.08.01"]
[EventType "swiss"]
[EventRounds "9"]
[EventCountry "RUS"]
[SourceTitle "CBM 185 Extra"]
[Source "ChessBase"]
[SourceDate "2018.07.29"]
[SourceVersion "1"]
[SourceVersionDate "2018.07.29"]
[SourceQuality "1"]

1. e4 c5 2. Nf3 a6 3. c3 e6 4. d4 d5 5. e5 Bd7 6. a4 Nc6 7. Bd3 Qc7 8. Na3 cxd4 9. cxd4 Nb4 10. Be2 Qa5 11. 0-0 Bxa4 12. b3 Bd7 13. Bd2 Qb6 14. Bxb4 Bxb4 15. Qd3 Rc8 16. Qe3 Ne7 17. Qg5 Nf5 18. Bd3 Be7 19. Qg4 h5 20. Qf4 g5 21. Nxg5 Qxd4 22. Qxd4 Nxd4 23. f4 Nxb3 24. Ra2 Nc1 0-1

[Event "Moscow op-B (Women) 14th"]
[Site "Moscow"]
[Date "2018.02.02"]
[Round "7"]
[White "Lysenko, Viktoria"]
[Black "Tatarinova, Elena"]
[Result "0-1"]
[WhiteElo "1991"]
[BlackElo "1818"]
[PlyCount "226"]
[EventDate "2018.01.27"]
[EventType "swiss"]
[EventRounds "9"]
[EventCountry "RUS"]
[SourceTitle "CBM 182 Extra"]
[Source "ChessBase"]
[SourceDate "2018.02.23"]
[SourceVersion "1"]
[SourceVersionDate "2018.02.23"]
[SourceQuality "1"]

1. e4 c5 2. Nf3 Nc6 3. c3 Nf6 4. e5 Nd5 5. d4 cxd4 6. cxd4 d6 7. exd6 Qxd6 8. Nc3 Bf5 9. Bb5 e6 10. Ne5 f6 11. Nxc6 bxc6 12. Bd3 Bxd3 13. Qxd3 Rd8 14. 0-0 Nxc3 15. bxc3 c5 16. Ba3 Qd5 17. Qa6 cxd4 18. Bxf8 Kxf8 19. cxd4 Kf7 20. Qxa7+ Rd7 21. Qa6 Qxd4 22. a4 Ra7 23. Qb5 Qd5 24. Qb4 Rha8 25. Rfd1 Rxa4 26. Qc3 Rxa1 27. Rxa1 Rxa1+ 28. Qxa1 Kg6 29. g3 e5 30. Qb1+ e4 31. Qb8 Qd1+ 32. Kg2 Qf3+ 33. Kg1 Kh6 34. Qb6 Qg4 35. Qe3+ Kg6 36. Kg2 Qe6 37. Qf4 Qf5 38. Qe3 Qd5 39. h4 h6 40. g4 h5 41. gxh5+ Kxh5 42. Kg3 Qe5+ 43. Kh3 Qf5+ 44. Kh2 Qg4 45. Qc5+ Kxh4 46. Qf8 Qf4+ 47. Kg2 Qh6 48. Qe7 Qg5+ 49. Kf1 Qg4 50. Qd8 Kg5 51. Qd5+ Qf5 52. Qd2+ Kg6 53. Qd8 Qe6 54. Qd4 f5 55. Qe3 Qc4+ 56. Kg2 Qd3 57. Qb6+ Kg5 58. Qc7 Qd4 59. Qg3+ Kf6 60. Qh4+ Ke6 61. Qh8 Qf6 62. Qe8+ Qe7 63. Qg6+ Ke5 64. f4+ exf3+ 65. Kxf3 Qb7+ 66. Kf2 Qb2+ 67. Kf3 Qc3+ 68. Ke2 Qc2+ 69. Ke1 Qe4+ 70. Kd2 Qf4+ 71. Kc2 Qc4+ 72. Kd2 Qb4+ 73. Kc2 Qc5+ 74. Kb3 Qe7 75. Qg3+ Kf6 76. Qh4+ Kf7 77. Qh5+ Ke6 78. Qe2+ Kf6 79. Qf3 Qe6+ 80. Kc3 Qe4 81. Qh5 Qe3+ 82. Kc2 Qe4+ 83. Kc3 Qe1+ 84. Kc2 Qf2+ 85. Kd3 Qg3+ 86. Kc2 Qg2+ 87. Kc3 Qc6+ 88. Kd2 Qg2+ 89. Kc3 Qg4 90. Qh8 Qf3+ 91. Kd2 Qf4+ 92. Kc3 Qe3+ 93. Kc2 Qe4+ 94. Kc3 Qe5+ 95. Kc2 Kg6 96. Qc8 Qf6 97. Qe8+ Kg5 98. Qb5 Kh6 99. Qd5 g5 100. Qh1+ Kg6 101. Qa8 f4 102. Qg8+ Kf5 103. Qd5+ Qe5 104. Qd7+ Qe6 105. Qb5+ Kg4 106. Qf1 Qe4+ 107. Kb2 Qe3 108. Qg2+ Qg3 109. Qe2+ Kh4 110. Qe6 Qf2+ 111. Kb1 Qe3 112. Qh6+ Kg4 113. Qh2 f3 0-1

[Event "Moscow op-B (Women) 14th"]
[Site "Moscow"]
[Date "2018.02.01"]
[Round "6"]
[White "Leonova, Ameliya"]
[Black "Lysenko, Viktoria"]
[Result "1/2-1/2"]
[WhiteElo "1824"]
[BlackElo "1991"]
[PlyCount "81"]
[EventDate "2018.01.27"]
[EventType "swiss"]
[EventRounds "9"]
[EventCountry "RUS"]
[SourceTitle "CBM 182 Extra"]
[Source "ChessBase"]
[SourceDate "2018.02.23"]
[SourceVersion "1"]
[SourceVersionDate "2018.02.23"]
[SourceQuality "1"]

1. e4 c6 2. d4 d5 3. e5 Bf5 4. h4 h5 5. Bd3 Bxd3 6. Qxd3 e6 7. Nf3 Ne7 8. Bg5 Qb6 9. Nc3 Nd7 10. 0-0 Nf5 11. Na4 Qc7 12. b3 f6 13. Bf4 0-0-0 14. Qd2 fxe5 15. Nxe5 Bd6 16. Bg5 Nf6 17. Rfe1 Rde8 18. Ng6 Rh7 19. Nc5 Bxc5 20. dxc5 e5 21. f3 Nh6 22. Qd3 e4 23. Qd4 Qf7 24. Ne5 Qe6 25. Ng6 Nf7 26. Rad1 Qf5 27. Nf4 Nxg5 28. hxg5 Qxg5 29. Nh3 Qf5 30. fxe4 Rxe4 31. Rxe4 Qxe4 32. Qf2 Rh8 33. Re1 Qg6 34. Re7 Re8 35. Nf4 Qg4 36. Rxe8+ Nxe8 37. Qe1 Nf6 38. Qe7 Qd7 39. Qf8+ Kc7 40. Ng6 Ne8 41. Qh8 1/2-1/2

[Event "Moscow op-B (Women) 14th"]
[Site "Moscow"]
[Date "2018.01.28"]
[Round "2"]
[White "Bondareva, Daria"]
[Black "Lysenko, Viktoria"]
[Result "1/2-1/2"]
[WhiteElo "1805"]
[BlackElo "1991"]
[PlyCount "90"]
[EventDate "2018.01.27"]
[EventType "swiss"]
[EventRounds "9"]
[EventCountry "RUS"]
[SourceTitle "CBM 182 Extra"]
[Source "ChessBase"]
[SourceDate "2018.02.23"]
[SourceVersion "1"]
[SourceVersionDate "2018.02.23"]
[SourceQuality "1"]

1. e4 c6 2. d4 d5 3. exd5 cxd5 4. Bd3 Nc6 5. c3 Nf6 6. Bf4 g6 7. Nf3 Bg7 8. Nbd2 0-0 9. 0-0 a6 10. a4 b6 11. Ne5 Bb7 12. Nxc6 Bxc6 13. Be5 Re8 14. f4 Qd7 15. f5 b5 16. Nb3 Ne4 17. Bxg7 Kxg7 18. axb5 Bxb5 19. Nc5 Qc6 20. Bxb5 Qxb5 21. Nxe4 dxe4 22. Qd2 f6 23. fxg6 hxg6 24. Rae1 Qd5 25. Rf4 f5 26. Rh4 Rh8 27. Rxh8 Rxh8 28. Qf4 a5 29. Ra1 Ra8 30. Qc7 Kf7 31. b4 axb4 32. Rxa8 Qxa8 33. Qc4+ Kf6 34. Qxb4 Qa1+ 35. Kf2 Qd1 36. Qb6+ Kg5 37. Qc5 Qd2+ 38. Kf1 Qd1+ 39. Kf2 Qd2+ 40. Kf1 Qd1+ 41. Kf2 Qc2+ 42. Kf1 Qd3+ 43. Ke1 e3 44. Qxe7+ Kh6 45. Qh4+ Kg7 1/2-1/2

[Event "St Petersburg rapid"]
[Site "St Petersburg"]
[Date "2017.08.26"]
[Round "1"]
[White "Lysenko, Viktoria"]
[Black "Ponkratov, Pavel"]
[Result "0-1"]
[WhiteElo "2025"]
[BlackElo "2590"]
[PlyCount "76"]
[EventDate "2017.08.26"]
[EventType "swiss (rapid)"]
[EventRounds "11"]
[EventCountry "RUS"]
[SourceTitle "CBM 180 Extra"]
[Source "ChessBase"]
[SourceDate "2017.10.06"]
[SourceVersion "1"]
[SourceVersionDate "2017.10.06"]
[SourceQuality "1"]

1. e4 e5 2. Nf3 Nc6 3. d4 exd4 4. Nxd4 Nf6 5. Nxc6 bxc6 6. e5 Qe7 7. Qe2 Nd5 8. c4 Qb4+ 9. Qd2 Nb6 10. Qxb4 Bxb4+ 11. Bd2 a5 12. a3 Bc5 13. Nc3 0-0 14. f4 Re8 15. 0-0-0 Ba6 16. Ne4 Bf8 17. Bxa5 Nxc4 18. Bxc7 Ne3 19. Bxa6 Nxd1 20. Rxd1 Rxa6 21. Rxd7 Ra4 22. Ng3 Rxf4 23. e6 Rf6 24. exf7+ Rxf7 25. Rxf7 Kxf7 26. b4 Ke6 27. Kc2 Kd5 28. Kb3 Re3+ 29. Ka4 g6 30. Bb6 Re8 31. Nf1 Bh6 32. Ng3 Kc4 33. h4 Bc1 34. h5 Bf4 35. Nf1 gxh5 36. g3 Bc1 37. Nh2 Be3 38. Bc7 Rf8 0-1

[Event "St Petersburg Summer op"]
[Site "St Petersburg"]
[Date "2017.08.24"]
[Round "9"]
[White "Lysenko, Viktoria"]
[Black "Lvov, Nikita"]
[Result "1-0"]
[WhiteElo "2025"]
[BlackElo "1836"]
[PlyCount "151"]
[EventDate "2017.08.16"]
[EventType "swiss"]
[EventRounds "9"]
[EventCountry "RUS"]
[SourceTitle "CBM 180 Extra"]
[Source "ChessBase"]
[SourceDate "2017.10.06"]
[SourceVersion "1"]
[SourceVersionDate "2017.10.06"]
[SourceQuality "1"]

1. e4 c5 2. Nf3 d6 3. c3 Nf6 4. Bd3 Nc6 5. h3 g6 6. Bc2 e5 7. d4 exd4 8. cxd4 Bg7 9. 0-0 0-0 10. Nc3 cxd4 11. Nb5 a6 12. Nbxd4 Nxd4 13. Nxd4 Re8 14. Re1 Bd7 15. Bf4 Nh5 16. Be3 Be5 17. Qd2 Qf6 18. Bg5 Qg7 19. Rad1 Rac8 20. Bb3 Bxd4 21. Qxd4 Qxd4 22. Rxd4 Be6 23. Bd1 Rc5 24. h4 Ng7 25. Rxd6 Bxa2 26. Rb6 Bd5 27. f3 Bc6 28. Be2 Rce5 29. Bxa6 bxa6 30. Rxc6 Rb5 31. Re2 a5 32. Bf6 Nh5 33. Bc3 Rd8 34. Rd2 Re8 35. Ra6 Nf4 36. Rxa5 Rxa5 37. Bxa5 Ra8 38. Rd8+ Rxd8 39. Bxd8 Kf8 40. Bf6 Nd3 41. Kf1 Ke8 42. g3 Kd7 43. Ke2 Nb4 44. Bc3 Na6 45. b4 Nc7 46. Kd3 Kc6 47. Kc4 Nb5 48. f4 Nd6+ 49. Kd4 Nb5+ 50. Kd3 h5 51. Be5 Na3 52. Bg7 Nb5 53. Ke3 f5 54. Kd3 Nd6 55. exf5 Nxf5 56. Bc3 Nxg3 57. Kc4 Nf5 58. b5+ Kb6 59. Bd4+ Kc7 60. b6+ Kc6 61. Bf2 Nd6+ 62. Kd4 Nf7 63. Ke4 Nh6 64. b7 Kxb7 65. Kd5 Kc7 66. Ke6 Kd8 67. Be1 Nf5 68. Kf6 Ne7 69. Kf7 Kd7 70. Bc3 Nf5 71. Bf6 Ng3 72. Kxg6 Ke6 73. Bc3 Ne4 74. f5+ Kd7 75. f6 Ke6 76. f7 1-0

[Event "Samara Polugaevsky Memorial 6th"]
[Site "Samara"]
[Date "2016.07.07"]
[Round "5"]
[White "Lysenko, Viktoria"]
[Black "Kuznetsov, Vladimir2222"]
[Result "1-0"]
[WhiteElo "1944"]
[BlackElo "1704"]
[PlyCount "121"]
[EventDate "2016.07.03"]
[EventType "swiss"]
[EventRounds "9"]
[EventCountry "RUS"]
[SourceTitle "EXT 2019"]
[Source "ChessBase"]
[SourceDate "2018.10.10"]
[SourceVersion "1"]
[SourceVersionDate "2018.10.10"]
[SourceQuality "1"]

1. e4 d6 2. d4 g6 3. Nc3 Bg7 4. Be3 Nc6 5. f4 e5 6. dxe5 dxe5 7. Qxd8+ Nxd8 8. Nb5 Ne6 9. f5 a6 10. fxe6 axb5 11. Bxb5+ c6 12. exf7+ Kxf7 13. Bc4+ Be6 14. Bxe6+ Kxe6 15. Nh3 h6 16. 0-0 Nf6 17. Nf2 g5 18. a3 Bf8 19. Rae1 Ra4 20. Bb6 Ra6 21. Be3 Ra4 22. Bc1 Bc5 23. b4 Bd4 24. Kh1 c5 25. Nd3 cxb4 26. axb4 b6 27. Be3 Bc3 28. Re2 Bxb4 29. Bxb6 Be7 30. Bc7 Rxe4 31. Rxf6+ Bxf6 32. Rxe4 Kd5 33. Re1 e4 34. Nf2 Bd4 35. Nxe4 Rc8 36. c4+ Kc6 37. Rd1 Be3 38. Bg3 Re8 39. Nf6 Re6 40. Ng4 Re8 41. Nf6 Re6 42. Ng4 Ba7 43. Ne5+ Kb7 44. h3 h5 45. Rb1+ Kc8 46. Nf7 g4 47. Nd6+ Kd8 48. Bh4+ Kd7 49. Rb7+ Kxd6 50. Rxa7 Re4 51. Bg3+ Kc6 52. Rh7 gxh3 53. gxh3 Re3 54. Kg2 Rc3 55. Rxh5 Rxc4 56. h4 Kd7 57. Rf5 Ke6 58. Rf4 Rc2+ 59. Kh3 Rc3 60. h5 Rc8 61. Kg4 1-0

[Event "Samara Polugaevsky Memorial 6th"]
[Site "Samara"]
[Date "2016.07.04"]
[Round "2"]
[White "Mkhitaryan, Karen"]
[Black "Lysenko, Viktoria"]
[Result "0-1"]
[WhiteElo "1389"]
[BlackElo "1944"]
[PlyCount "69"]
[EventDate "2016.07.03"]
[EventType "swiss"]
[EventRounds "9"]
[EventCountry "RUS"]
[SourceTitle "EXT 2019"]
[Source "ChessBase"]
[SourceDate "2018.10.10"]
[SourceVersion "1"]
[SourceVersionDate "2018.10.10"]
[SourceQuality "1"]

1. d4 d5 2. c4 c6 3. Nc3 Nf6 4. Nf3 a6 5. e3 b5 6. cxd5 cxd5 7. Bd2 Bg4 8. Be2 e6 9. Rc1 Bd6 10. Ng5 Bxe2 11. Qxe2 h6 12. Nf3 Nbd7 13. 0-0 0-0 14. a3 Nb6 15. b4 Nc4 16. Ra1 Rc8 17. Rfc1 Qb6 18. Rc2 Rc7 19. g3 Rfc8 20. a4 Nxd2 21. Qxd2 Ne4 22. a5 Qb8 23. Qe1 Rxc3 24. Rxc3 Rxc3 25. Nd2 Nxd2 26. Qxd2 Qc7 27. Kg2 Bxb4 28. Qb2 Rc4 29. Ra2 Bxa5 30. Qb3 Qb6 31. Qa3 Ra4 32. Qb3 Rxa2 33. Qxa2 Bc3 34. Qb3 b4 35. Qa4 0-1

[Event "Voronezh op-B 20th"]
[Site "Voronezh"]
[Date "2016.06.19"]
[Round "7"]
[White "Knyazev, Pavel"]
[Black "Lysenko, Viktoria"]
[Result "0-1"]
[WhiteElo "1676"]
[BlackElo "1990"]
[PlyCount "102"]
[EventDate "2016.06.12"]
[EventType "swiss"]
[EventRounds "9"]
[EventCountry "RUS"]
[SourceTitle "EXT 2017"]
[Source "ChessBase"]
[SourceDate "2016.10.25"]
[SourceVersion "1"]
[SourceVersionDate "2016.10.25"]
[SourceQuality "1"]

1. Nf3 Nf6 2. g3 d5 3. Bg2 c5 4. 0-0 Nc6 5. d3 Bg4 6. Nbd2 e6 7. e4 Be7 8. exd5 exd5 9. a3 0-0 10. h3 Bf5 11. Re1 h6 12. Ne5 Nxe5 13. Rxe5 Be6 14. Nf3 Bd6 15. Re1 Qd7 16. Kh2 d4 17. Ne5 Qc7 18. Bf4 g5 19. Bxg5 hxg5 20. Nf3 Nh7 21. Qd2 Qe7 22. Ne5 Bxe5 23. Rxe5 f6 24. Re2 Rfe8 25. Rae1 Nf8 26. Bd5 Qd6 27. Bxe6+ Rxe6 28. Rxe6 Nxe6 29. Qe2 Ng7 30. Qf3 Rb8 31. Qe4 Re8 32. Qh1 Rxe1 33. Qxe1 Qe6 34. Qxe6+ Nxe6 35. Kg2 Kf7 36. Kf3 Ng7 37. g4 Ke6 38. Ke4 Ne8 39. f4 Nd6+ 40. Kf3 Kd5 41. fxg5 fxg5 42. Kg3 Ke5 43. Kf3 b5 44. b3 c4 45. b4 Nf7 46. Kg3 Nd8 47. Kf3 cxd3 48. cxd3 Ne6 49. Kg3 Nf4 50. h4 gxh4+ 51. Kxh4 Nxd3 0-1

[Event "Moscow op-B (Women)"]
[Site "Moscow"]
[Date "2016.02.04"]
[Round "6"]
[White "Krasenkova, Ilena"]
[Black "Lysenko, Viktoria"]
[Result "0-1"]
[WhiteElo "2090"]
[BlackElo "1936"]
[PlyCount "68"]
[EventDate "2016.01.30"]
[EventType "swiss"]
[EventRounds "9"]
[EventCountry "RUS"]
[SourceTitle "CBM 170 Extra"]
[Source "ChessBase"]
[SourceDate "2016.02.25"]
[SourceVersion "1"]
[SourceVersionDate "2016.02.25"]
[SourceQuality "1"]

1. d4 d5 2. c4 c6 3. Nc3 Nf6 4. Bg5 dxc4 5. e3 Be6 6. Nf3 b5 7. a4 b4 8. Na2 Qa5 9. Bxf6 exf6 10. Be2 Nd7 11. 0-0 Nb6 12. Nd2 Be7 13. Qc1 b3 14. Nc3 0-0 15. Nce4 f5 16. Nc5 Bxc5 17. dxc5 Qxc5 18. a5 Nd7 19. Nxc4 Rfe8 20. Qc3 Rab8 21. Rfc1 Bd5 22. Qd2 Qe7 23. Qd4 Qg5 24. Bf1 Nf6 25. Nd6 Re7 26. g3 Rd8 27. Qc5 Red7 28. Nc4 Ne4 29. Qb4 Qh5 30. Qe1 Ng5 31. Qd1 Nf3+ 32. Qxf3 Qxf3 33. e4 Bxe4 34. Ne5 Qh1# 0-1

[Event "Moscow op-B (Women)"]
[Site "Moscow"]
[Date "2016.01.31"]
[Round "2"]
[White "Lysenko, Viktoria"]
[Black "Semenova, Elena"]
[Result "0-1"]
[WhiteElo "1936"]
[BlackElo "2207"]
[PlyCount "72"]
[EventDate "2016.01.30"]
[EventType "swiss"]
[EventRounds "9"]
[EventCountry "RUS"]
[SourceTitle "CBM 170 Extra"]
[Source "ChessBase"]
[SourceDate "2016.02.25"]
[SourceVersion "1"]
[SourceVersionDate "2016.02.25"]
[SourceQuality "1"]

1. e4 e5 2. Nf3 Nc6 3. d4 exd4 4. Nxd4 Nf6 5. Nxc6 bxc6 6. e5 Qe7 7. Qe2 Nd5 8. c4 Nb6 9. b3 g6 10. f4 Bg7 11. Ba3 c5 12. Nc3 0-0 13. 0-0-0 Bb7 14. Qf2 d6 15. Bd3 Rfe8 16. exd6 cxd6 17. Rhe1 Qd7 18. Ne4 f5 19. Ng5 Bd4 20. Qh4 d5 21. cxd5 Bxd5 22. Bb2 Bxb2+ 23. Kxb2 Qg7+ 24. Kb1 c4 25. Bc2 h6 26. Nf3 Bxf3 27. gxf3 Kh7 28. Qf2 Na4 29. bxa4 Rab8+ 30. Bb3 cxb3 31. a3 Rxe1 32. Rxe1 Rb7 33. Qc5 Qd7 34. Qc4 Rc7 35. Qb5 Qd2 36. Qe2 Rc1+ 0-1

[Event "Moscow op-B (Women)"]
[Site "Moscow"]
[Date "2016.01.30"]
[Round "1"]
[White "Lysenko, Viktoria"]
[Black "Pavlidou, Ekaterini"]
[Result "1-0"]
[WhiteElo "1936"]
[BlackElo "2223"]
[PlyCount "115"]
[EventDate "2016.01.30"]
[EventType "swiss"]
[EventRounds "9"]
[EventCountry "RUS"]
[SourceTitle "CBM 170 Extra"]
[Source "ChessBase"]
[SourceDate "2016.02.25"]
[SourceVersion "1"]
[SourceVersionDate "2016.02.25"]
[SourceQuality "1"]

1. e4 c5 2. Nf3 Nc6 3. c3 d5 4. exd5 Qxd5 5. d4 Bf5 6. Be3 Nf6 7. Na3 cxd4 8. Nb5 0-0-0 9. Nbxd4 Ng4 10. Nxc6 Qxc6 11. Nd4 Qe4 12. Qf3 Nxe3 13. fxe3 g6 14. Be2 Bh6 15. Kf2 Rd6 16. g4 Qxf3+ 17. Bxf3 Bd7 18. Rad1 Re8 19. Nc2 Rb6 20. b3 e5 21. e4 f5 22. gxf5 gxf5 23. exf5 Bxf5 24. Ne3 Bd7 25. Nc4 e4 26. Nxb6+ axb6 27. Be2 Rf8+ 28. Ke1 Bh3 29. Rg1 Bf4 30. Bg4+ Bxg4 31. Rxg4 e3 32. Rg2 h6 33. Ke2 Bg5 34. Rd4 Re8 35. a4 Re6 36. Rc4+ Kd7 37. h4 Be7 38. Rg3 Bd6 39. Rxe3 Rg6 40. Kd3 Rg1 41. Rf3 Rg7 42. Re4 Be7 43. Kc4 Bd8 44. Rd3+ Kc7 45. Re6 Bxh4 46. Rxh6 Bf2 47. Rf3 Bc5 48. b4 Be7 49. Rfh3 Rg4+ 50. Kb3 Re4 51. Rh7 Re6 52. Rf3 Re4 53. Rff7 Kd7 54. Rxe7+ Rxe7 55. Rxe7+ Kxe7 56. Kc4 Kd6 57. Kb5 Kc7 58. c4 1-0

[Event "Saratov Shestoperov Memorial"]
[Site "Saratov"]
[Date "2014.06.22"]
[Round "7"]
[White "Lysenko, Viktoria"]
[Black "Lysenko, Margarita"]
[Result "1/2-1/2"]
[WhiteElo "1666"]
[BlackElo "1862"]
[PlyCount "101"]
[EventDate "2014.06.16"]
[EventType "swiss"]
[EventRounds "9"]
[EventCountry "RUS"]
[SourceTitle "CBM 161 Extra"]
[Source "ChessBase"]
[SourceDate "2014.08.29"]
[SourceVersion "1"]
[SourceVersionDate "2014.08.29"]
[SourceQuality "1"]

1. e4 c5 2. Nf3 g6 3. c3 Bg7 4. d4 cxd4 5. cxd4 d5 6. exd5 Nf6 7. Bb5+ Nbd7 8. Nc3 0-0 9. 0-0 Nb6 10. h3 Nbxd5 11. Qb3 h6 12. Be3 Be6 13. Bc4 Rc8 14. Nxd5 Bxd5 15. Bxd5 Qxd5 16. Qb4 e6 17. Rfc1 Ne4 18. a3 Rfd8 19. Rxc8 Rxc8 20. Rc1 Rxc1+ 21. Bxc1 Qc6 22. Be3 Bf8 23. Qb3 Nf6 24. Ne5 Qc8 25. Nc4 Nd5 26. Bd2 Qc7 27. Ne5 h5 28. Qb5 Qc8 29. Qd3 Bg7 30. Nc4 Qc7 31. g3 Qd7 32. Na5 b6 33. Nb3 Qc6 34. Nc1 Ne7 35. Ne2 Nd5 36. Nc1 Nf6 37. Ne2 Nd5 38. Nc1 Nf6 39. Ne2 Qe4 40. Qxe4 Nxe4 41. Be3 Nd6 42. b3 Nb5 43. a4 Nc7 44. Kg2 Kf8 45. Kf3 Ke7 46. Ke4 Nd5 47. Nf4 Nf6+ 48. Kd3 Kd6 49. Kc4 a6 50. Nd3 Nd5 51. b4 1/2-1/2